MARC

LEADER 00000nab a2200000 ar4500
001 vtls009085605
003 SK-MaSNL
005 20260303203708.0
008 070807c2007 xo wr|p|||||||000 b|slo
038 |a PPPK 
040 |a PPPKCL  |b slo  |c PPPK  |e AACR2 
041 0 |a slo 
044 |a xo  |c SK 
080 |a 639.111.2  |x (437.67)  |2 1997 
080 |a 599.735  |x (437.67)  |2 1997 
245 0 0 |a Kamzíkov pribúda  |c [autor] (lbr) 
650 0 7 |a kamzíky  |2 pppkcl  |9 30581 
650 0 7 |a kamzík vrchovský tatranský  |2 pppkcl  |9 29397 
650 0 7 |a živočíšne populácie  |2 pppkcl  |9 70903 
651 7 |a Vysoké Tatry (Poľsko a Slovensko : pohorie)  |2 pppkcl  |9 67729 
651 7 |a Tatranský národný park (Slovensko)  |2 pppkcl  |9 106968 
651 7 |a Tatrzański Park Narodowy (Poľsko)  |2 snkbucl  |9 220903 
773 0 |t Poprad : noviny občanov mesta  |g Roč. XVII, č. 55 (2007), s. 2 
852 |a PPPK  |b KIS3GCP 
999 |c 2186712  |d 2188642